LEADER 01114nam a2200205 4500 001 000000351319 003 CaOOAMICUS 005 20220823143214.0 008 220823s1940 it 000 u ita r 040 $aSeMil$bita 100 1 $aCavigioli, Giovanni.$0(OLS)http://semarc/name/19369 245 10$aVita di S. Agabio, secondo vescovo e compatrono di Novara :$bscritta per le celebrazioni giubilari dell'anno 1940, dal sac. Giovanni Cavigioli canonico della Cattedrale di Novara. 264 1$aNovara :$bTipografia S. Gaudenzio,$c1940. 300 $a62 p.,$b[2] p. di tav. ;$c19 cm 650 4$aNovara (Diocesi) - Storia - Vescovi.$0(OLS)http://semarc/subject/43797 850 $aSeMil 852 $aSeMil$W1$xVenegono$y1$m5B III 5/2$j234000$B242386$CSeMilBibl$Z2$F242386 $81 996 $6245$aVita di S. Agabio, secondo vescovo e compatrono di Novara :$bscritta per le celebrazioni giubilari dell'anno 1940, dal sac. Giovanni Cavigioli canonico della Cattedrale di Novara$9(OLS)http://semarc/title/441090 996 $6264$aNovara :$bTipografia S. Gaudenzio$9(OLS)http://semarc/publisher/60600 LEADER 01057nam a2200253 i 4500 001 000000126240 003 CaOOAMICUS 005 20051206000000.0 008 051206s1994 it u000 u eng u 013 $a98943 040 $aSeMil$bita 100 1 $aVeblen, Thorstein <1857-1929>.$0(OLS)http://semarc/name/22467 245 14$aThe theory of the leisure class /$cThorstein Veblen. 250 $aed. non venale. 260 $a[Milano] :$bCofide,$c1994. 300 $a281 p. ;$c25 cm. 500 $aContiene : Nota (in italiano). - Stampato in 299 esemplari, numerati da 1 a 299 e in 50, numerati da 1. a 50. ; Esemplare n. 34. - Fondo Card. C.M. Martini. 650 4$aVeblen, Thorstein - Opere.$0(OLS)http://semarc/subject/9658 850 $aSeMil 852 $aSeMil$W1$xVenegono$y1$m3M V 165$j80626$B80626$CSeMilBibl$Z2$F106721 $81 941 1 $a4 961 $aOmaggio: Martini Card. Carlo Maria 996 $6245$aThe theory of the leisure class$9(OLS)http://semarc/title/186058 996 $6260$a[Milano] :$bCofide$9(OLS)http://semarc/publisher/39288